Maddox Batson Songs - Statistics

General Stats
  • This quiz has been taken 183 times
  • The average score is 4 of 5
Answer Stats
Answer % Correct
X's
95%
SouthBound
89%
Tears In The River
86%
I wanna Know
74%
Don't Look Up
11%
No matching quizzes found
Score Distribution
Percent of People with Each Score
Percentile by Number Answered
Your Score History
You have not taken this quiz